Language Quiz

Random Language or Latin Quiz
Score 0/36 Timer 10:00
0 Plays Today
Hint Answer % Correct
PRESENT PASSIVEmittor
100%
PRESENT PASSIVEmitteris
100%
IMPERFECT PASSIVEmittebatur
100%
IMPERFECT PASSIVEmittebamur
100%
FUTURE PASSIVEmittemini
100%
FUTURE PASSIVEmittentur
100%
PERFECT PASSIVE (F)missa sum
100%
PERFECT PASSIVE (F)missae sunt
100%
PLUPERFECT PASSIVE (M)missus erat
100%
PLUPERFECT PASSIVE (M)missi eramus
100%
FUTURE PERFECT PASSIVE (F)missa eris
100%
FUTURE PERFECT PASSIVE (F)missae eritis
100%
PRESENT PASSIVEmittitur
74.4%
PRESENT PASSIVEmittimur
74.4%
PRESENT PASSIVEmittimini
73.7%
FUTURE PASSIVEmittetur
73.7%
IMPERFECT PASSIVEmittebar
71.4%
IMPERFECT PASSIVEmittebaris
71.4%
Hint Answer % Correct
IMPERFECT PASSIVEmittebamini
71.4%
IMPERFECT PASSIVEmittebantur
70.7%
PERFECT PASSIVE (F)missa es
68.4%
PERFECT PASSIVE (F)missa est
68.4%
PERFECT PASSIVE (F)missae estis
67.7%
PERFECT PASSIVE (F)missae sumus
66.9%
PRESENT PASSIVEmittuntur
66.2%
FUTURE PASSIVEmittemur
66.2%
PLUPERFECT PASSIVE (M)missus eram
66.2%
PLUPERFECT PASSIVE (M)missus eras
66.2%
FUTURE PASSIVEmitteris
65.4%
PLUPERFECT PASSIVE (M)missi eratis
65.4%
PLUPERFECT PASSIVE (M)missi erant
64.7%
FUTURE PERFECT PASSIVE (F)missa erit
64.7%
FUTURE PERFECT PASSIVE (F)missae erimus
64.7%
FUTURE PERFECT PASSIVE (F)missae erunt
63.2%
FUTURE PERFECT PASSIVE (F)missa ero
62.4%
FUTURE PASSIVEmittar
58.6%
Remove Ads.
Support Sporcle.
Get the best of Sporcle when you Go Orange. This ad-free experience offers more features, more stats, and more fun while also helping to support Sporcle. Thank you for becoming a member.

You're not logged in!

Compare scores with friends on all Sporcle quizzes.
OR
Log In

Show Comments

Extras

Created Sep 25, 2013ReportNominate
Tags:Latin Quiz, conjugate, Indicative

Top Quizzes Today


Score Distribution

Your Account Isn't Verified!

In order to create a playlist on Sporcle, you need to verify the email address you used during registration. Go to your Sporcle Settings to finish the process.

Report this User

Report this user for behavior that violates our Community Guidelines.

Details: